00393cam a2200121 4500001001100000008004100011035001500052050002400067245011100091260003400202300002000236500001500256BIIH005858 1976 a spa  aBIIH005858 4aN8932b.M4 P76 1976 0aPrograma de trabajo de la direccion del patrimonio cultural y artistico del Estado de Mexico : documentos. aToluca, Mex. :b[s.n.],c1976 a66 p. ;c20 cm. a1 ejemplar